000 00654nam a2200205Ia 4500
003 GCL
008 140319s9999 xx 000 0 ara d
040 _aGCL /
_cGCL
082 0 4 _a778.53
_bا ر
100 1 _aوديد محمد سرى
245 1 0 _aالرسم بالنور /
_cوديد محمد سرى
700 1 _aثريا حمدان
700 1 _aالتون, جون
300 _a379 ص
490 _aالهيئة العامة للاستعلامات
_v0
650 0 4 _aالتصوير السينمائى
650 0 4 _aالتصوير السينمائى - ميكنة
650 0 4 _aالتصوير السينمائى - اضاءة
942 _2ddc
_cBK
999 _c50023
_d50023